<?xml version="1.0" encoding="UTF-8"?>
<record
    xmlns:xsi="http://www.w3.org/2001/XMLSchema-instance"
    xsi:schemaLocation="http://www.loc.gov/MARC21/slim http://www.loc.gov/standards/marcxml/schema/MARC21slim.xsd"
    xmlns="http://www.loc.gov/MARC21/slim">

  <leader>01779nam a22001457a 4500</leader>
  <datafield tag="999" ind1=" " ind2=" ">
    <subfield code="c">526194</subfield>
    <subfield code="d">526194</subfield>
  </datafield>
  <controlfield tag="008">240516b           ||||| |||| 00| 0 eng d</controlfield>
  <datafield tag="100" ind1=" " ind2=" ">
    <subfield code="a">Yadav, Arun Kumar </subfield>
    <subfield code="9">52379</subfield>
  </datafield>
  <datafield tag="245" ind1=" " ind2=" ">
    <subfield code="a">The state of war-wounded personnel in India: An appraisal</subfield>
  </datafield>
  <datafield tag="260" ind1=" " ind2=" ">
    <subfield code="a">U.S.I. Journal  </subfield>
  </datafield>
  <datafield tag="300" ind1=" " ind2=" ">
    <subfield code="a">156(635), Jan-Mar, 2024: p.126-150</subfield>
  </datafield>
  <datafield tag="520" ind1=" " ind2=" ">
    <subfield code="a">The paper elucidates the challenges faced by war wounded personnel in India, focusing on their physical, psychological, and societal struggles postinjury. Despite their sacrifices, the paper highlights the inadequate recognition and support for these individuals, contrasting the attention given to those killed in action. Through qualitative and quantitative methods, it assesses the concerns of war-wounded personnel, revealing gaps in their rehabilitation and welfare. Issues such as lack of empathy, inadequate counselling, and medical negligence are discussed, along with recommendations for improvement. The paper suggests a holistic approach to rehabilitation, drawing from international models like the United States and the United Kingdom, emphasizing physical and psychological support alongside constructive engagement. It proposes measures for career progression, financial assistance, and family support to ensure the well-being of war-wounded personnel. Furthermore, it advocates for the establishment of a comprehensive data bank to track and support these individuals effectively. Drawing inspiration from Maj Gen Ian Cardozo&#x2019;s remarkable journey, the conclusion emphasises the need for opportunities for wounded warriors to prove themselves, challenging existing norms and fostering. &#x2013; Reproduced 

https://www.usiofindia.org/pdf/20240429111058.pdf</subfield>
  </datafield>
  <datafield tag="773" ind1=" " ind2=" ">
    <subfield code="a">U.S.I. Journal  </subfield>
  </datafield>
  <datafield tag="906" ind1=" " ind2=" ">
    <subfield code="a">ARMED FORCES</subfield>
  </datafield>
  <datafield tag="942" ind1=" " ind2=" ">
    <subfield code="c">AR</subfield>
  </datafield>
  <datafield tag="952" ind1=" " ind2=" ">
    <subfield code="0">0</subfield>
    <subfield code="1">0</subfield>
    <subfield code="2">ddc</subfield>
    <subfield code="4">0</subfield>
    <subfield code="7">0</subfield>
    <subfield code="9">401267</subfield>
    <subfield code="a">IIPA</subfield>
    <subfield code="b">IIPA</subfield>
    <subfield code="d">2024-05-16</subfield>
    <subfield code="h">156(635), Jan-Mar, 2024: p.126-150</subfield>
    <subfield code="p">AR131944</subfield>
    <subfield code="r">2024-05-16</subfield>
    <subfield code="y">AR</subfield>
  </datafield>
</record>
